UM Logo

Essentials of business ethics/ (Record no. 14436)

MARC details
000 -LEADER
fixed length control field 00546nam a22001577a 4500
008 - FIXED-LENGTH DATA ELEMENTS--GENERAL INFORMATION
fixed length control field 190919b ||||| |||| 00| 0 eng d
020 ## - INTERNATIONAL STANDARD BOOK NUMBER
International Standard Book Number 9786214270477
082 ## - DEWEY DECIMAL CLASSIFICATION NUMBER
Edition number 2019
Classification number DFil 174.420
Item number Se66
100 ## - MAIN ENTRY--PERSONAL NAME
Personal name Sergote, Jessie F.
9 (RLIN) 32775
245 ## - TITLE STATEMENT
Title Essentials of business ethics/
Statement of responsibility, etc. Jessie F. Sergote
260 ## - PUBLICATION, DISTRIBUTION, ETC. (IMPRINT)
Place of publication, distribution, etc. Manila:
Name of publisher, distributor, etc. Unlimited Books Library Services & Publishing Inc.,
Date of publication, distribution, etc. c2019.
300 ## - PHYSICAL DESCRIPTION
Extent iii, 196 pages:
Other physical details illustrations,
Dimensions 23 cm.
500 ## - GENERAL NOTE
General note Includes bibliographical references.
650 ## - SUBJECT ADDED ENTRY--TOPICAL TERM
Topical term or geographic name as entry element Business ethics
9 (RLIN) 39828
942 ## - ADDED ENTRY ELEMENTS (KOHA)
Source of classification or shelving scheme Dewey Decimal Classification
Koha item type Filipiniana
Holdings
Withdrawn status Lost status Source of classification or shelving scheme Damaged status Not for loan Collection code Home library Current library Shelving location Date acquired Source of acquisition Total Checkouts Full call number Barcode Date last seen Date last checked out Copy number Cost, replacement price Price effective from Koha item type
    Dewey Decimal Classification     Filipiniana UM Digos College - LIC UM Digos College - LIC Book Cart 08/08/2019 Purchase 1 DFil 174.420 Se66 2019 25710 05/15/2025 10/05/2020 1 695.00 09/19/2019 Filipiniana
    Dewey Decimal Classification     Filipiniana UM Digos College - LIC UM Digos College - LIC   08/08/2019 Purchase   DFil 174.420 Se66 2019 25711 05/15/2025   2 695.00 09/19/2019 Filipiniana
    Dewey Decimal Classification     Filipiniana UM Digos College - LIC UM Digos College - LIC   08/08/2019 Purchase   DFil 174.420 Se66 2019 25628 05/15/2025   3 695.00 09/19/2019 Filipiniana
    Dewey Decimal Classification     Filipiniana UM Digos College - LIC UM Digos College - LIC   08/08/2019 Purchase   DFil 174.420 Se66 2019 25729 05/15/2025   4 695.00 09/19/2019 Filipiniana